000 00712nam a2200253Ia 4500
001 21894
005 20260320113322.0
008 260320s9999||||xx |||||||||||||| ||und||
041 _aESP
082 _a657
_bZ55 T. 1
100 _aZeballos Z., Erly,
_eAUT
245 0 _aContabilidad práctica
_b
246 _a
_5
_b
250 _aTercera edición
260 _aArequipa :
_bImpresiones Juve,
_c2006
300 _a282 páginas :
_bcuadros ;
_c21 cm.
_e
440 _a
_n
_v
650 _aTCA
653 _aContabilidad
654 _aCCO
700 _a
_c
856 _uhttps://ebooks7-24-com.ucsp.lookproxy.com/stage.aspx?il=&pg=&ed=
_zVéase además: Base de datos Ebook7-24
942 _cLIB
_dJUS
_fTRC
_2ddc
_n
999 _c21894
_d21894